| 000 -LEADER |
| fixed length control field |
00971cam a22002894a 4500 |
| 003 - CONTROL NUMBER IDENTIFIER |
| control field |
OSt |
| 005 - DATE AND TIME OF LATEST TRANSACTION |
| control field |
20200811161456.0 |
| 008 - FIXED-LENGTH DATA ELEMENTS--GENERAL INFORMATION |
| fixed length control field |
100715s2011 enka b 001 0 eng |
| 010 ## - LIBRARY OF CONGRESS CONTROL NUMBER |
| LC control number |
2010030138 |
| 020 ## - INTERNATIONAL STANDARD BOOK NUMBER |
| International Standard Book Number |
9780415415453 (hbk : alk. paper) |
| 020 ## - INTERNATIONAL STANDARD BOOK NUMBER |
| International Standard Book Number |
9780415415477 (pbk : alk. paper) |
| 041 1# - LANGUAGE CODE |
| Language code of text/sound track or separate title |
eng |
| Language code of original and/or intermediate translations of text |
nor |
| 050 00 - LIBRARY OF CONGRESS CALL NUMBER |
| Classification number |
NA2750 |
| Item number |
.S2313 2011 |
| 082 00 - DEWEY DECIMAL CLASSIFICATION NUMBER |
| Classification number |
721 |
| Edition number |
22 |
| 100 1# - MAIN ENTRY--PERSONAL NAME |
| Personal name |
Sandaker, Bjørn Normann, |
| Dates associated with a name |
1954- |
| 240 10 - UNIFORM TITLE |
| Uniform title |
<a href="Arkitekturens konstruktive grunnlag.">Arkitekturens konstruktive grunnlag.</a> |
| Language of a work |
English |
| 245 14 - TITLE STATEMENT |
| Title |
The structural basis of architecture / |
| Statement of responsibility, etc |
Bjørn N. Sandaker, Arne P. Eggen, Mark R. Cruvellier. |
| 250 ## - EDITION STATEMENT |
| Edition statement |
2nd ed., rev. throughout. |
| 260 ## - PUBLICATION, DISTRIBUTION, ETC. (IMPRINT) |
| Place of publication, distribution, etc |
London ; |
| -- |
New York : |
| Name of publisher, distributor, etc |
Routledge, |
| Date of publication, distribution, etc |
c2011. |
| 300 ## - PHYSICAL DESCRIPTION |
| Extent |
xi, 409 p. : |
| Other physical details |
ill. ; |
| Dimensions |
29 cm. |
| 504 ## - BIBLIOGRAPHY, ETC. NOTE |
| Bibliography, etc |
Includes bibliographical references (p. [395]-[403] and index. |
| 650 #0 - SUBJECT ADDED ENTRY--TOPICAL TERM |
| Topical term or geographic name as entry element |
Architectural design. |
| 650 #0 - SUBJECT ADDED ENTRY--TOPICAL TERM |
| Topical term or geographic name as entry element |
Structural design. |
| 700 1# - ADDED ENTRY--PERSONAL NAME |
| Personal name |
Eggen, Arne Petter. |
| 700 1# - ADDED ENTRY--PERSONAL NAME |
| Personal name |
Cruvellier, Mark. |
| 942 ## - ADDED ENTRY ELEMENTS (KOHA) |
| Source of classification or shelving scheme |
|